000 00984nam a2200205 i 4500
001 45412
003 ES-MaACL
005 20250808232906.0
007 t|
008 030326s1952 sp ||||1| spa d
100 1 _aCoello Gallardo, Antonio.
_939461
245 1 0 _aSucesiones
_b: comentarios a los artículos del Código civil con la jurisprudencia aplicable y formularios prácticos.
_nI /
_cAntonio Coello Gallardo ; prólogo de Antonio Hernández Gil.
260 _aMadrid :
_bReus,
_c1952.
300 _a1 v. (758 p.) ;
_c17 cm.
505 1 _aI. Contiene el texto... y comentarios de los artículos 651 al 789 del Código civil, 991 resúmenes de sentencias y resoluciones dictadas por el Tribunal Supremo y Dirección General de los Registros y del Notariado... y... formularios prácticos
650 7 _aHerencias y sucesiones-
_zEspaña
_2
_9162042
700 1 _aHernández Gil, Antonio,
_d1915-1994
_962943
852 _aES-MaACL
_jE-3826
999 _c45412
_d45412